Districts of England on a Map - Statistics

General Stats
  • This quiz has been taken 4,762 times
    2,267 since last reset
  • The average score is 82 of 296
Answers on the Map
Answers color-coded by a green-red scale on the quiz's map according to % correct below.
 
Answer Stats
Group Answer % Correct
Metropolitan borough Liverpool
82%
Metropolitan borough Manchester
82%
Unitary authority Cornwall
81%
sui generis authority City of London
80%
Metropolitan borough Newcastle upon Tyne
78%
Unitary authority York
78%
Metropolitan borough Birmingham
77%
Unitary authority Bristol
77%
Non-metropolitan districts Cambridge
74%
Metropolitan borough Leeds
74%
Non-metropolitan districts Oxford
73%
Unitary authority Isle of Wight
72%
Unitary authority Kingston upon Hull
72%
Unitary authority Nottingham
71%
Unitary authority Southampton
71%
Unitary authority Brighton and Hove
70%
Non-metropolitan districts Norwich
69%
Unitary authority Leicester
68%
Non-metropolitan districts Lincoln
66%
Unitary authority Plymouth
66%
Metropolitan borough Sheffield
66%
Unitary authority Portsmouth
64%
Unitary authority Derby
63%
Unitary authority North Yorkshire
63%
Non-metropolitan districts Dover
62%
Non-metropolitan districts Gloucester
62%
Unitary authority Northumberland
62%
Non-metropolitan districts Exeter
61%
Unitary authority Blackpool
60%
Unitary authority County Durham
60%
Non-metropolitan districts Ipswich
60%
Unitary authority Somerset
60%
Metropolitan borough Coventry
58%
Unitary authority Dorset
58%
Unitary authority Reading
58%
Unitary authority Stoke-on-Trent
58%
Metropolitan borough Sunderland
58%
Non-metropolitan districts Worcester
58%
Metropolitan borough Bradford
56%
London borough Westminster
56%
Metropolitan borough Wolverhampton
56%
Unitary authority Middlesbrough
54%
Non-metropolitan districts Lancaster
53%
Unitary authority Luton
52%
Unitary authority Shropshire
51%
Unitary authority Wiltshire
50%
Unitary authority Herefordshire
49%
Unitary authority Peterborough
48%
Unitary authority Southend-on-Sea
48%
Non-metropolitan districts Warwick
48%
Non-metropolitan districts Canterbury
47%
Metropolitan borough Bolton
46%
Non-metropolitan districts Preston
46%
Unitary authority Bedford
45%
Unitary authority Milton Keynes
45%
Unitary authority Rutland
45%
Non-metropolitan districts Colchester
43%
Non-metropolitan districts Stafford
43%
Unitary authority Buckinghamshire
42%
Metropolitan borough Doncaster
41%
Unitary authority Swindon
41%
Non-metropolitan districts Watford
41%
London borough Croydon
40%
London borough Greenwich
40%
Non-metropolitan districts Hart
40%
Metropolitan borough Salford
40%
Unitary authority Slough
40%
London borough Brent
39%
Non-metropolitan districts Hastings
39%
Unitary authority East Riding of Yorkshire
38%
Metropolitan borough Wigan
38%
Non-metropolitan districts Winchester
38%
Non-metropolitan districts Burnley
37%
London borough Camden
37%
London borough Islington
37%
Non-metropolitan districts Cheltenham
36%
Unitary authority Cumberland
36%
Metropolitan borough Oldham
36%
London borough Richmond upon Thames
36%
Metropolitan borough Stockport
36%
Non-metropolitan districts Boston
35%
Metropolitan borough Bury
35%
Metropolitan borough Gateshead
35%
Non-metropolitan districts Stratford-on-Avon
35%
Metropolitan borough Barnsley
34%
Non-metropolitan districts Eastbourne
34%
Non-metropolitan districts Rother
34%
Unitary authority Warrington
34%
London borough Bromley
33%
Non-metropolitan districts Crawley
33%
London borough Hammersmith and Fulham
33%
Non-metropolitan districts North Devon
33%
Non-metropolitan districts Chelmsford
32%
Unitary authority Darlington
32%
Unitary authority Hartlepool
32%
London borough Kensington and Chelsea
32%
London borough Southwark
32%
London borough Sutton
32%
London borough Tower Hamlets
32%
Metropolitan borough Wirral
32%
Non-metropolitan districts Great Yarmouth
31%
Metropolitan borough Rotherham
31%
Metropolitan borough Wakefield
31%
Non-metropolitan districts Chesterfield
30%
London borough Hackney
30%
Non-metropolitan districts Maidstone
30%
Non-metropolitan districts North Norfolk
30%
Metropolitan borough Rochdale
30%
London borough Barking and Dagenham
29%
London borough Barnet
29%
Non-metropolitan districts Chichester
29%
London borough Ealing
29%
London borough Harrow
29%
Non-metropolitan districts St Albans
29%
Unitary authority Stockton-on-Tees
29%
Non-metropolitan districts Woking
29%
Metropolitan borough Dudley
28%
Non-metropolitan districts East Devon
28%
London borough Enfield
28%
Non-metropolitan districts Guildford
28%
London borough Hounslow
28%
London borough Lambeth
28%
Metropolitan borough Solihull
28%
Metropolitan borough St Helens
28%
Metropolitan borough Walsall
28%
Non-metropolitan districts West Devon
28%
Non-metropolitan districts North Lincolnshire
27%
London borough Lewisham
26%
Non-metropolitan districts Mansfield
26%
Non-metropolitan districts Worthing
26%
London borough Newham
25%
Non-metropolitan districts Rugby
25%
Non-metropolitan districts East Suffolk
24%
Non-metropolitan districts New Forest
24%
Non-metropolitan districts South Norfolk
24%
Non-metropolitan districts Stevenage
24%
Non-metropolitan districts West Suffolk
24%
Non-metropolitan districts Basildon
23%
London borough Bexley
23%
London borough Haringey
23%
London borough Hillingdon
23%
London borough Redbridge
23%
Non-metropolitan districts Ashford
22%
Non-metropolitan districts Cotswold
22%
Non-metropolitan districts Dartford
22%
Unitary authority South Gloucestershire
22%
Unitary authority Torbay
22%
London borough Wandsworth
22%
Non-metropolitan districts Lichfield
21%
Unitary authority Medway
21%
Unitary authority North Somerset
21%
London borough Waltham Forest
21%
Unitary authority West Berkshire
21%
Unitary authority West Northamptonshire
21%
Non-metropolitan districts West Oxfordshire
21%
London borough Havering
20%
London borough Kingston upon Thames
20%
London borough Merton
20%
Unitary authority North Northamptonshire
20%
Non-metropolitan districts Harlow
19%
Non-metropolitan districts Lewes
19%
Non-metropolitan districts South Cambridgeshire
19%
Non-metropolitan districts South Oxfordshire
19%
Non-metropolitan districts Tamworth
19%
Non-metropolitan districts Tunbridge Wells
19%
Unitary authority Cheshire East
18%
Non-metropolitan districts East Cambridgeshire
18%
Non-metropolitan districts Gosport
18%
Unitary authority North East Lincolnshire
18%
Non-metropolitan districts Thanet
18%
Metropolitan borough Trafford
18%
Non-metropolitan districts Chorley
17%
Non-metropolitan districts Eastleigh
17%
Non-metropolitan districts Forest of Dean
17%
Non-metropolitan districts Havant
17%
Non-metropolitan districts Huntingdonshire
17%
Metropolitan borough North Tyneside
17%
Metropolitan borough South Tyneside
17%
Unitary authority Thurrock
17%
Unitary authority Bath and North East Somerset
16%
Non-metropolitan districts Braintree
16%
Non-metropolitan districts East Hampshire
16%
Metropolitan borough Kirklees
16%
Non-metropolitan districts Sevenoaks
16%
Non-metropolitan districts Fylde
15%
Non-metropolitan districts High Peak
15%
Non-metropolitan districts Horsham
15%
Non-metropolitan districts Redditch
15%
Metropolitan borough Sandwell
15%
Metropolitan borough Sefton
15%
Non-metropolitan districts South Derbyshire
15%
Unitary authority Telford and Wrekin
15%
Non-metropolitan districts West Lancashire
15%
Unitary authority Wokingham
15%
Metropolitan borough Calderdale
14%
Unitary authority Cheshire West and Chester
14%
Non-metropolitan districts Derbyshire Dales
14%
Non-metropolitan districts East Hertfordshire
14%
Non-metropolitan districts Epping Forest
14%
Non-metropolitan districts Fareham
14%
Non-metropolitan districts North Hertfordshire
14%
Unitary authority Redcar and Cleveland
14%
Non-metropolitan districts South Staffordshire
14%
Non-metropolitan districts Stroud
14%
Metropolitan borough Tameside
14%
Non-metropolitan districts Wyre
14%
Non-metropolitan districts Arun
13%
Non-metropolitan districts Bromsgrove
13%
Metropolitan borough Knowsley
13%
Non-metropolitan districts Mid Devon
13%
Non-metropolitan districts Mid Suffolk
13%
Non-metropolitan districts North Warwickshire
13%
Non-metropolitan districts South Holland
13%
Non-metropolitan districts Tewkesbury
13%
Non-metropolitan districts Ashfield
12%
Unitary authority Blackburn with Darwen
12%
Unitary authority Bournemouth, Christchurch and Poole
12%
Unitary authority Bracknell Forest
12%
Non-metropolitan districts Brentwood
12%
Non-metropolitan districts Broadland
12%
Unitary authority Central Bedfordshire
12%
Non-metropolitan districts East Staffordshire
12%
Unitary authority Halton
12%
Non-metropolitan districts Newcastle-under-Lyme
12%
Unitary authority Westmorland and Furness
12%
Unitary authority Windsor and Maidenhead
12%
Non-metropolitan districts Adur
11%
Non-metropolitan districts Amber Valley
11%
Non-metropolitan districts Bolsover
11%
Non-metropolitan districts Cannock Chase
11%
Non-metropolitan districts Folkestone and Hythe
11%
Non-metropolitan districts Gravesham
11%
sui generis authority Isles of Scilly
11%
Non-metropolitan districts Maldon
11%
Non-metropolitan districts Melton
11%
Non-metropolitan districts Mid Sussex
11%
Non-metropolitan districts Ribble Valley
11%
Non-metropolitan districts South Hams
11%
Non-metropolitan districts Staffordshire Moorlands
11%
Non-metropolitan districts Bassetlaw
10%
Non-metropolitan districts Broxbourne
10%
Non-metropolitan districts East Lindsey
10%
Non-metropolitan districts Erewash
10%
Non-metropolitan districts Fenland
10%
Non-metropolitan districts Malvern Hills
10%
Non-metropolitan districts North East Derbyshire
10%
Non-metropolitan districts North Kesteven
10%
Non-metropolitan districts North West Leicestershire
10%
Non-metropolitan districts Pendle
10%
Non-metropolitan districts South Kesteven
10%
Non-metropolitan districts South Ribble
10%
Non-metropolitan districts Test Valley
10%
Non-metropolitan districts Vale of White Horse
10%
Non-metropolitan districts West Lindsey
10%
Non-metropolitan districts Wyre Forest
10%
Non-metropolitan districts Breckland
9%
Non-metropolitan districts Broxtowe
9%
Non-metropolitan districts Castle Point
9%
Non-metropolitan districts Cherwell
9%
Non-metropolitan districts Epsom and Ewell
9%
Non-metropolitan districts Gedling
9%
Non-metropolitan districts Harborough
9%
Non-metropolitan districts Hertsmere
9%
Non-metropolitan districts King's Lynn and West Norfolk
9%
Non-metropolitan districts Mole Valley
9%
Non-metropolitan districts Nuneaton and Bedworth
9%
Non-metropolitan districts Rossendale
9%
Non-metropolitan districts Rushcliffe
9%
Non-metropolitan districts Surrey Heath
9%
Non-metropolitan districts Three Rivers
9%
Non-metropolitan districts Basingstoke and Deane
8%
Non-metropolitan districts Charnwood
8%
Non-metropolitan districts Hyndburn
8%
Non-metropolitan districts Oadby and Wigston
8%
Non-metropolitan districts Rochford
8%
Non-metropolitan districts Runnymede
8%
Non-metropolitan districts Swale
8%
Non-metropolitan districts Teignbridge
8%
Non-metropolitan districts Tendring
8%
Non-metropolitan districts Tonbridge and Malling
8%
Non-metropolitan districts Torridge
8%
Non-metropolitan districts Welwyn Hatfield
8%
Non-metropolitan districts Wychavon
8%
Non-metropolitan districts Babergh
7%
Non-metropolitan districts Blaby
7%
Non-metropolitan districts Dacorum
7%
Non-metropolitan districts Hinckley and Bosworth
7%
Non-metropolitan districts Newark and Sherwood
7%
Non-metropolitan districts Reigate and Banstead
7%
Non-metropolitan districts Rushmoor
7%
Non-metropolitan districts Spelthorne
7%
Non-metropolitan districts Tandridge
7%
Non-metropolitan districts Waverley
7%
Non-metropolitan districts Wealden
7%
Non-metropolitan districts Elmbridge
6%
Non-metropolitan districts Uttlesford
6%
No matching quizzes found
Score Distribution
Percent of People with Each Score
Percentile by Number Answered
Your Score History
You have not taken this quiz since the last reset